LGBT Pride Flags - Statistics

General Stats
  • This quiz has been taken 35 times
  • The average score is 15 of 27
Answer Stats
Picture Answer % Correct
Demigirl
74%
Lesbian
74%
Pansexual
74%
Bear
68%
Demisexual
68%
Panromantic
68%
Aromantic
63%
Asexual
63%
Demiboy
63%
Genderfluid
63%
Intersex
63%
Nonbinary
63%
Transgender
63%
Two Spirit
63%
AroAce
58%
Transmasculine
58%
Bisexual
53%
Genderqueer
53%
Panromantic Asexual
53%
Agender
47%
Polyamorous
47%
Progress
47%
Transfeminine
47%
Gay Man
42%
Leather
32%
Drag
26%
Pony
21%
No matching quizzes found
Score Distribution
Percent of People with Each Score
Percentile by Number Answered
Your Score History
You have not taken this quiz